<?xml version="1.0" encoding="UTF-8"?><?xml-stylesheet type="text/xsl" href="static/style.xsl"?><OAI-PMH xmlns="http://www.openarchives.org/OAI/2.0/" xmlns:xsi="http://www.w3.org/2001/XMLSchema-instance" xsi:schemaLocation="http://www.openarchives.org/OAI/2.0/ http://www.openarchives.org/OAI/2.0/OAI-PMH.xsd"><responseDate>2026-04-14T17:45:01Z</responseDate><request verb="GetRecord" identifier="oai:uvadoc.uva.es:10324/31409" metadataPrefix="marc">https://uvadoc.uva.es/oai/request</request><GetRecord><record><header><identifier>oai:uvadoc.uva.es:10324/31409</identifier><datestamp>2025-02-25T08:17:26Z</datestamp><setSpec>com_10324_1191</setSpec><setSpec>com_10324_931</setSpec><setSpec>com_10324_894</setSpec><setSpec>col_10324_1381</setSpec></header><metadata><record xmlns="http://www.loc.gov/MARC21/slim" xmlns:doc="http://www.lyncode.com/xoai" xmlns:xsi="http://www.w3.org/2001/XMLSchema-instance" xmlns:dcterms="http://purl.org/dc/terms/" xsi:schemaLocation="http://www.loc.gov/MARC21/slim http://www.loc.gov/standards/marcxml/schema/MARC21slim.xsd">
<leader>00925njm 22002777a 4500</leader>
<datafield tag="042" ind1=" " ind2=" ">
<subfield code="a">dc</subfield>
</datafield>
<datafield tag="720" ind1=" " ind2=" ">
<subfield code="a">Ortega Arranz, Alejandro</subfield>
<subfield code="e">author</subfield>
</datafield>
<datafield tag="720" ind1=" " ind2=" ">
<subfield code="a">Kalz, Marco</subfield>
<subfield code="e">author</subfield>
</datafield>
<datafield tag="720" ind1=" " ind2=" ">
<subfield code="a">Martínez Monés, Alejandra</subfield>
<subfield code="e">author</subfield>
</datafield>
<datafield tag="260" ind1=" " ind2=" ">
<subfield code="c">2018</subfield>
</datafield>
<datafield tag="520" ind1=" " ind2=" ">
<subfield code="a">Gamification strategies have been proposed to mitigate student disengagement and dropouts in massive online environments, due to the positive results shown by these strategies at lower scales. Among various gamification strategies, redeemable rewards have been identified as an effective element to intrinsically motivate students and increase their engagement in educational settings, including MOOCs. Yet, effective design, implementation and enactment of this gamification strategy in MOOC contexts might face new challenges, given the unique&#xd;
characteristics of these learning settings such as massiveness. As an attempt to help teachers use redeemable rewards in MOOCs, this paper analyzes the characteristics of MOOCs that influence its integration and presents a proposal of a system supporting the design, implementation and enactment of such rewards. The envisioned system is illustrated by a scenario that describes the main features of this system for teachers and students.</subfield>
</datafield>
<datafield tag="024" ind2=" " ind1="8">
<subfield code="a">http://uvadoc.uva.es/handle/10324/31409</subfield>
</datafield>
<datafield tag="245" ind1="0" ind2="0">
<subfield code="a">Creating Engaging Experiences in MOOCs through In-Course Redeemable Rewards</subfield>
</datafield>
</record></metadata></record></GetRecord></OAI-PMH>